00377nam a2200181Ia 4500003000900000008004100009040001300050040001300063041000800076100001900084245002000103250001800123260001800141260000900159300001100168300001000179490000600189IT-RoPAU120407s9999 xx 000 0 und d aIT-RoPAU cIT-RoPAU aita aHenry Fielding aJoseph Andrews. aHarmondsworth aPenguin Books c1977 a343 p. c18 cm v1